000 00965cad a22001935a 4500
001 L151440
008 101105s2010 xxk f 000 0 eng d
035 _a(Sirsi) u151440
041 0 _aeng
110 2 _aNabarro LLP
_95894
245 0 0 _aConstruction and engineering newsletter
_bOctober 2010
_h[electronic resource]
260 _aLondon
_bNabarro LLP
_c2010
520 _aContains these articles: things American developers should know about contracting in England; concurrent delay: back to basics (again); Singapore International Arbitration Centre - new rules to increase efficiency and flexibility; disclosure of electronic information in litigation.
590 _aKA NTK
651 4 _aInternational
690 _aBUILT ENVIRONMENT-CONSTRUCTION MANAGEMENT-BUILDING CONTRACT ADMINISTRATION
856 4 0 _uhttps://www.nabarro.com/Downloads/Construction-and-Engineering-update-October-2010.pdf
_zView the item free of charge at www.nabarro.com
942 _n0
999 _c111366
_d111366